| 000 | 00708nam a22002057a 4500 | ||
|---|---|---|---|
| 003 | OSt | ||
| 005 | 20260422121340.0 | ||
| 008 | 260422b |||||||| |||| 00| 0 eng d | ||
| 020 | _a9780367897451 | ||
| 020 | _a9781032373331 | ||
| 020 | _a9781003010813 | ||
| 040 |
_aMMARA-U _beng _cMMARA-U _dMMARA-U |
||
| 050 | _aK 5215 .O74 2023 | ||
| 245 |
_aOrganised Crime, Financial Crime, and Criminal Justice : _bTheoretical Concepts and Challenges / _cEdited by Dan Jasinski, Amber Phillips, and Ed Johnston. |
||
| 260 |
_aLondon : _bRoutledge, _c2023. |
||
| 300 | _axv, 243 pages : | ||
| 504 | _aIncludes Bibliography and Index. | ||
| 650 |
_aSetting the condition of competitio. _93091 |
||
| 942 |
_2lcc _cLOAN LOAN |
||
| 999 |
_c33506 _d33503 |
||